00000000cam 2200000zi 4500
0019.960599
003CaOODSP
00520260605131547
006m     o  d f      
007cr mn|||||||||
008260304e202606##oncd    ob   f000 0 eng d
020 |a9780660987828 |q(statement)
020 |a9780660987835 |q(summary)
040 |aCaOODSP|beng|erda|cCaOODSP
043 |an-cn---
0861 |aHP40-376/2026E-PDF
0861 |aHP40-376/2026-1E-PDF
24500|aGuidance on the use of COVID-19 vaccines starting fall 2026.
264 1|aOttawa, ON : |bPublic Health Agency of Canada = Agence de la santé publique du Canada, |cJune 2026.
264 4|c©2026
300 |a1 online resource (27 pages) : |bcharts + |esummary (5 pages)
336 |atext|btxt|2rdacontent
337 |acomputer|bc|2rdamedia
338 |aonline resource|bcr|2rdacarrier
500 |aIssued also in French under title: Directives sur l’utilisation des vaccins contre laCOVID-19 à partir de l’automne 2026.
500 |aOn cover: An Advisory Committee Statement (ACS), National Advisory Committee on Immunization (NACI).
500 |a"Pub.: 250487."--Page 2.
500 |a"Pub.: 250489."--Page 2 (summary).
500 |aSummary alone provided in HTML version.
504 |aIncludes bibliographical references.
650 0|aCOVID-19 vaccines|zCanada.
650 0|aCOVID-19 (Disease)|xVaccination|zCanada.
650 0|aCOVID-19 vaccines|xGovernment policy|zCanada.
650 0|aCOVID-19 (Disease)|xVaccination|xGovernment policy|zCanada.
7102 |aPublic Health Agency of Canada, |eissuing body.
7101 |aCanada. |bNational Advisory Committee on Immunization, |eissuing body.
77508|tDirectives sur l’utilisation des vaccins contre la COVID-19 à partir de l’automne 2026.|w(CaOODSP)9.960600
795 |tGuidance on the use of COVID-19 vaccines for 2025 to summer 2026.|w(CaOODSP)9.946291
85640|qPDF|s805 KB|uhttps://publications.gc.ca/collections/collection_2026/aspc-phac/HP40-376-2026-eng.pdf|z(statement)
85640|qPDF|s349 KB|uhttps://publications.gc.ca/collections/collection_2026/aspc-phac/HP40-376-2026-1-eng.pdf|z(summary)
8564 |qHTML|sN/A|uhttps://canada-preview.adobecqms.net/en/public-health/services/publications/vaccines-immunization/national-advisory-committee-immunization-summary-guidance-covid-19-vaccines-starting-fall-2026.html|z(summary)